La miel derramada /
Guardado en:
| Hovedforfatter: | |
|---|---|
| Format: | Ukendt |
| Sprog: | Spanish |
| Udgivet: |
México, D.F. :
Planeta,
1992.
|
| Fag: | |
| Tags: |
Tilføj Tag
Ingen Tags, Vær først til at tagge denne postø!
|
MARC
| LEADER | 000000000a22000000004500 | ||
|---|---|---|---|
| 001 | 012771 | ||
| 020 | |a 9684060610 | ||
| 041 | 0 | |a spa | |
| 082 | 0 | 4 | |a 863 |b A284m |
| 100 | 1 | |a Agustín, José | |
| 245 | 1 | 3 | |a La miel derramada / |c José Agustín. |
| 260 | 1 | |a México, D.F. : |b Planeta, |c 1992. | |
| 300 | |a 125 páginas ; |c 22 cm. | ||
| 650 | 4 | |a LITERATURA MEXICANA | |
| 650 | 4 | |a NOVELA | |
| 500 | |a Colección George Yúdice | ||
| 999 | |c 18721 |d 18721 | ||
| 942 | |c BK |h 863 A284m |2 z | ||



